000
00237nam a2200097Ia 4500
001
805586
005
20250826171155.0
008
250824s9999 xx 000 0 und d
245
0
_a
FİGAN
_c
AHMED GÜNBAY YILDIZ
260
_b
TİMAŞ YAYINLARI
999
_c
805586
_d
805586